Langues officielles des pays européens - Statistiques

Statistiques générales
  • Ce quiz a été pris 166 fois
    148 depuis la dernière actualisation
  • Le résultat moyen est 34 sur 38
Statistiques - réponses
Pays Langue % Correct
Espagne Espagnol
100%
France Français
100%
Russie Russe
100%
Allemagne Allemand
99%
Royaume-Uni Anglais
99%
Italie Italien
99%
Hongrie Hongrois
97%
Pologne Polonais
97%
Portugal Portugais
97%
Roumanie Roumain
97%
Ukraine Ukrainien
97%
Slovaquie Slovaque
96%
Grèce Grec
96%
Serbie Serbe
96%
Suède Suédois
96%
Croatie Croate
95%
Norvège Norvégien
95%
Estonie Estonien
93%
Islande Islandais
93%
Bulgarie Bulgare
92%
Danemark Danois
92%
Lettonie Letton
92%
Pays-Bas Néerlandais
92%
Lituanie Lituanien
90%
République Tcheque Tchèque
90%
Irlande Irlandais
89%
Slovenie Slovène
89%
Albanie Albanais
87%
Biélorussie Biélorusse
82%
Malte Maltais
80%
Finlande Finnois
79%
Vatican Latin
77%
Luxembourg Luxembourgeois
74%
Macédoine du Nord Macédonien
74%
Andorre Catalan
65%
Bosnie-Herzégovine Bosniaque
61%
Montenegro Monténégrin
58%
Suisse Romanche
55%
Aucun quiz correspondant
Distribution des résultats
% des personnes avec chaque résultat
Percentile par nombre de réponses
Votre historique - résultats
Vous n’avez pas pris ce quiz depuis la dernière actualisation